| 000 | 00588nam a22001937a 4500 | ||
|---|---|---|---|
| 999 |
_c10459 _d10459 |
||
| 003 | AR-CdUCM | ||
| 008 | 190401b ||||| |||| 00| 0 spa d | ||
| 040 |
_aMUNICIPALIDAD PROVINCIAL DEL CUSCO _cBIBLIOTECA MUNICIPAL DEL CUSCO |
||
| 082 |
_aES / 858.85 / _bAM54 |
||
| 100 |
_aAmicis, Edmundo de _910709 |
||
| 245 |
_aDos apeninos : _bAos andes / |
||
| 260 |
_aBarcelona : _bGrandes clásicos editora, _c1982. |
||
| 300 | _c27 cm. | ||
| 440 |
_n5 _910719 |
||
| 505 | _aContenido :Dos apeninos . | ||
| 650 |
_aLiteratura brasilera _913828 |
||
| 650 |
_aCuentos _9217 |
||
| 942 |
_2ddc _cLIBROS |
||